LEADER 01585nam a2200277 i 4500 001 000000066988 003 CaOOAMICUS 005 20140131000000.0 008 140131s1951 xx u000 u eng u 013 $a38160 040 $aSeMil$bita 100 1 $aWilliams, Michael E.$0(OLS)http://semarc/name/33572 245 14$aThe teaching of Gilbert Porreta on the Trinity as found in his commentaries on Boethius :$bdissertatio ad Lauream in Facultate Theologica Pontificiae Universitatis Gregorianae /$cby Michael E. Williams. 260 $aRomae :$bApud Aedes Universitatis Gregorianae,$c1951. 300 $aXV, 130 p. ;$c24 cm. 490 0 $aAnalecta Gregoriana ;$v56. 490 0 $aAnalecta Gregoriana. Series Facultatis Historiae Ecclesiasticae. Sectio B ;$v23 500 $aContiene : Bibliography. 650 4$aGilberto : Porretano <1076-1154>.$0(OLS)http://semarc/subject/45634 650 4$aTrinità - Teologia.$0(OLS)http://semarc/subject/1098 830 0$aAnalecta Gregoriana ;$v56.$0(OLS)http://semarc/title/9 830 0$aAnalecta Gregoriana. Series Facultatis Historiae Ecclesiasticae. Sectio B ;$v23.$0(OLS)http://semarc/title/19232 850 $aSeMil 852 $aSeMil$W1$xVenegono$y1$m2N V 156 ^$j33141$B33141$CSeMilBibl$Z2$F33144 $81 996 $6245$aThe teaching of Gilbert Porreta on the Trinity as found in his commentaries on Boethius :$bdissertatio ad Lauream in Facultate Theologica Pontificiae Universitatis Gregorianae$9(OLS)http://semarc/title/106672 996 $6260$aRomae :$bApud Aedes Universitatis Gregorianae$9(OLS)http://semarc/publisher/30266 LEADER 01137nam a2200217 i 4500 001 000000104659 003 CaOOAMICUS 005 20011210000000.0 008 011210s1879 gw u000 u lat u 013 $a76848 040 $aSeMil$bita 245 10$aActa et Decreta s. Conciliorum, quae ab Episcopis Germaniae, Hungariae et Hollandiae ab a. 1789. usque ad a. 1869. celebrata sunt. 300 $a1520 col. 650 4$aConcili - Germania - Atti e documenti.$0(OLS)http://semarc/subject/18236 650 4$aConcili - Ungheria - Atti e documenti.$0(OLS)http://semarc/subject/18237 650 4$aConcili - Olanda - Atti e documenti.$0(OLS)http://semarc/subject/18238 710 2 $aGesuiti$c.$0(OLS)http://semarc/name/939 773 0 $tActa et decreta sacrorum Conciliorum recentiorum.$dFriburgi Brisgoviae : Herder, 1870-1882.$gTomus5$w()1076 850 $aSeMil 852 $aSeMil$W1$xVenegono$y1$mSL1.Y VII 5$j60962$B60962$CSeMilBibl$Z2$F70203 $8I 996 $6245$aActa et Decreta s. Conciliorum, quae ab Episcopis Germaniae, Hungariae et Hollandiae ab a. 1789. usque ad a. 1869. celebrata sunt$9(OLS)http://semarc/title/151638